000 01046nam a22002057a 4500
999 _c59994
_d59994
003 Ge_BSU
005 20230529152118.0
008 230529s1958 ge ||||| |||| 00| 0 geo d
041 _ageo
080 _a821.124-1+1(37) ლ-92
100 _aლუკრეციუსი
_918269
245 _aსაგანთა ბუნებისათვის /
_cტიტუს ლუკრეციუსი; თარგმ. ლათინურიდან და შესავალი წერილი პანტელეიმონ ბერაძისა.
264 _aთბილისი :
_bსაბჭოთა საქართველო,
_c1958.
300 _a240 გვ. ;
_b22 სმ.
653 _aლათინური პოეზია
653 _aთარგმანები ქართულ ენაზე
653 _aბუნების ფილოსოფია.
700 _aბერაძე, პანტელეიმონ
_eმთარგმნელი
_918270
942 _2udc
_cBK